000 00527nam a22001817a 4500
999 _c6328
_d6328
003 AR-CdUCM
008 190314b ||||| |||| 00| 0 spa d
040 _aMUNICIPALIDAD PROVINCIAL DEL CUSCO
_cBIBLIOTECA MUNICIPAL DEL CUSCO
082 _a463 /
_bD73
110 _aSantillana
_918102
245 _aDiccionario Santillana 2 /
260 _aMadrid :
_bSantillana,
_c1975.
300 _aXII ; 1080 páginas ;
_c24 cm.
650 _aLengua española
_91124
650 _aDiccionarios
_95105
942 _2ddc
_cLIBROS
945 _azta